00794nam a2200217Ia 4500003000900000008004100009020001800050040001600068080001700084100002700101245016200128260003500290300001400325650004100339650004300380650002100423650001000444942000700454999001500461952010000476IN-BaIIA211028s9999 xx 000 0 eng d a0-12-374701-5 cIIA Library a535.4bISH-1 aIshimaru, Akira910235 0aWave propagation and scattering in random mediabvol. 1, single scattering and transport theorycAkira, Ishimaru  aNew YorkbAcademic Pressc1978 axv, 250p. aAstronomy and astrophysics thesaurus aElectromagnetic wave scattering910236 aScattering93302 aWaves cBK c5910d5910 00104070aBANbBANcGENd1978-08-18l0o535.4/ ISH-1p6606r2021-11-05w1978-08-18yBK 22.50